000 00582cam a22001935a 4500
001 E153711
008 110822s1932 xxk f 000 0 eng d
035 _a(Sirsi) u153711
041 0 _aeng
100 1 _aRea, John T.
245 0 0 _aHow to estimate
_bbeing the analysis of builders' prices
250 _a5th ed.
260 _aLondon
_bB. T. Batsford
_c1932
300 _axvi, 709 p.
_bill.
_c22 cm.
520 _aExplains the principles of estimating.
651 4 _aUnited Kingdom
_y
690 _aBUILT ENVIRONMENT-QUANTITY SURVEYING-CONSTRUCTION COST ESTIMATING
942 _n0
999 _c112663
_d112663